[Event "Sterling Cherry Blossom op 12th"]
[Site "Sterling"]
[Date "2025.05.23"]
[Round "2"]
[White "Moorhouse, Will"]
[Black "Baim, Elvin"]
[Result "1-0"]
[WhiteElo "2026"]
[BlackElo "1824"]
[PlyCount "81"]
[EventDate "2025.05.22"]
[EventType "swiss"]
[EventRounds "9"]
[EventCountry "USA"]
[SourceTitle "CB22_2025"]
[SourceDate "2025.05.28"]
[SourceVersion "1"]
[SourceVersionDate "2025.05.28"]
[SourceQuality "1"]

1. e4 c5 2. Nf3 d6 3. d4 cxd4 4. Nxd4 Nf6 5. Nc3 Nc6 6. g3 g6 7. Nde2 Bg7 8. Bg2 0-0 9. 0-0 Bd7 10. Nd5 Ne5 11. a4 Rc8 12. h3 Bc6 13. c3 e6 14. Nxf6+ Bxf6 15. Qb3 Qa5 16. Be3 Qa6 17. Nd4 Nc4 18. Bh6 Rfd8 19. Rfd1 Ne5 20. Nb5 Be8 21. Be3 Nc4 22. Bf4 e5 23. Bh6 Na5 24. Qa3 Nc4 25. Qb4 Qb6 26. Bf1 a5 27. Qb3 Bxb5 28. axb5 Qc7 29. Bxc4 Qxc4 30. Qxc4 Rxc4 31. Rxa5 Rxe4 32. Ra7 Re2 33. b4 Rc2 34. Rxb7 Rxc3 35. Ra1 Bg7 36. Bg5 Rdc8 37. Raa7 Rf3 38. Rc7 Rb8 39. b6 e4 40. b7 Bd4 41. Ra8 1-0

[Event "Steling Colonial op 6th"]
[Site "Sterlig"]
[Date "2025.04.17"]
[Round "1"]
[White "Baim, Elvin"]
[Black "Levine, Owen"]
[Result "1/2-1/2"]
[WhiteElo "1802"]
[BlackElo "1970"]
[PlyCount "53"]
[EventDate "2025.04.17"]
[EventType "swiss"]
[EventRounds "7"]
[EventCountry "USA"]
[SourceTitle "CB17_2025"]
[SourceDate "2025.04.23"]
[SourceVersion "1"]
[SourceVersionDate "2025.04.23"]
[SourceQuality "1"]

1. e4 c5 2. Nf3 d6 3. d4 cxd4 4. Nxd4 Nf6 5. Nc3 a6 6. Be2 e5 7. Nb3 Be6 8. Bg5 Be7 9. Bxf6 Bxf6 10. Nd5 Bxd5 11. Qxd5 Qc7 12. c3 0-0 13. 0-0 Nd7 14. Rfd1 Be7 15. Na5 Nc5 16. Nc4 Rfd8 17. Ne3 Bf8 18. Bf3 b5 19. Rac1 Na4 20. Qb3 Nb6 21. Nd5 Nxd5 22. Qxd5 Rab8 23. b3 Qa5 24. a4 Rdc8 25. b4 Qxa4 26. Ra1 Qc2 27. Rdc1 1/2-1/2

[Event "New York President's Day op"]
[Site "New York"]
[Date "2025.02.16"]
[Round "6"]
[White "Baim, Elvin"]
[Black "Moorhouse, Will"]
[Result "0-1"]
[WhiteElo "1832"]
[BlackElo "2051"]
[PlyCount "88"]
[EventDate "2025.02.14"]
[EventType "swiss"]
[EventRounds "9"]
[EventCountry "USA"]
[SourceTitle "CB08_2025"]
[SourceDate "2025.02.19"]
[SourceVersion "1"]
[SourceVersionDate "2025.02.19"]
[SourceQuality "1"]

1. e4 c5 2. Nf3 e6 3. d4 cxd4 4. Nxd4 Nc6 5. Nc3 Qc7 6. Nxc6 bxc6 7. Bd3 Nf6 8. 0-0 h5 9. h3 Bd6 10. Re1 Rb8 11. Qf3 Be5 12. Nd1 Rg8 13. Bg5 Qa5 14. c3 Bxc3 15. Nxc3 Qxg5 16. e5 Nd5 17. Ne4 Qxe5 18. Ng3 Qf6 19. Nf5 g6 20. Qg3 Rb4 21. Nd6+ Kd8 22. a3 Rb6 23. Nc4 Rb3 24. Na5 Rxb2 25. Rab1 h4 26. Qg4 Qxf2+ 27. Kh1 Ne3 28. Qe4 f5 29. Nxc6+ Ke8 30. Qf3 Qxf3 31. gxf3 Rxb1 32. Bxb1 dxc6 33. Rxe3 Kd7 34. Kg2 g5 35. Ba2 Kc7 36. Kf2 Rd8 37. Ke2 Ba6+ 38. Ke1 Rd3 39. Rxd3 Bxd3 40. Bxe6 Kd6 41. Bc8 Ke5 42. a4 Kd4 43. Bd7 c5 44. Kd2 c4 0-1

[Event "New York President's Day op"]
[Site "New York"]
[Date "2025.02.16"]
[Round "7"]
[White "Levine, Owen"]
[Black "Baim, Elvin"]
[Result "1/2-1/2"]
[WhiteElo "1999"]
[BlackElo "1832"]
[PlyCount "43"]
[EventDate "2025.02.14"]
[EventType "swiss"]
[EventRounds "9"]
[EventCountry "USA"]
[SourceTitle "CB08_2025"]
[SourceDate "2025.02.19"]
[SourceVersion "1"]
[SourceVersionDate "2025.02.19"]
[SourceQuality "1"]

1. e4 c5 2. Nf3 d6 3. d4 cxd4 4. Nxd4 Nf6 5. Nc3 Nc6 6. Bc4 Bd7 7. 0-0 g6 8. Nxc6 Bxc6 9. Bg5 Bg7 10. Nd5 Bxd5 11. exd5 0-0 12. Re1 Qc8 13. Bb3 Qf5 14. Bh4 Rfe8 15. c3 Kf8 16. Qe2 a6 17. Rad1 Rac8 18. Rd3 Qh5 19. Qxh5 Nxh5 20. Rde3 Bf6 21. Bxf6 Nxf6 22. c4 1/2-1/2

[Event "New York President's Day op"]
[Site "New York"]
[Date "2025.02.15"]
[Round "5"]
[White "Quirke, Jeffrey"]
[Black "Baim, Elvin"]
[Result "0-1"]
[WhiteElo "2036"]
[BlackElo "1832"]
[PlyCount "103"]
[EventDate "2025.02.14"]
[EventType "swiss"]
[EventRounds "9"]
[EventCountry "USA"]
[SourceTitle "CB08_2025"]
[SourceDate "2025.02.19"]
[SourceVersion "1"]
[SourceVersionDate "2025.02.19"]
[SourceQuality "1"]

1. d4 Nf6 2. c4 g6 3. Nc3 Bg7 4. e4 d6 5. Be2 0-0 6. Nf3 e5 7. 0-0 Nc6 8. Be3 Ng4 9. Bg5 f6 10. Bh4 Kh8 11. dxe5 dxe5 12. c5 Be6 13. Qa4 Bd7 14. Qc4 Qc8 15. Rad1 Be6 16. Qa4 Bg8 17. Bc4 Nh6 18. Bxg8 Nxg8 19. Qc4 h6 20. b4 f5 21. exf5 gxf5 22. b5 Nd8 23. Rfe1 Nf7 24. c6 bxc6 25. Qxc6 e4 26. Nd4 Ne5 27. Qd5 Nd3 28. Re3 Nf4 29. Qc6 Nf6 30. Bg3 N6h5 31. Bxf4 Nxf4 32. f3 Rf6 33. Qc4 Rg6 34. g3 exf3 35. Rxf3 Nh3+ 36. Kg2 f4 37. Qd5 fxg3 38. hxg3 Ng5 39. Rf5 Rd6 40. Qc5 Qb7+ 41. Nc6 Rxd1 42. Nxd1 Re8 43. Ne3 Ne4 44. Qd5 Nd6 45. Rf3 Qb6 46. Nf5 Nxf5 47. Rxf5 Re2+ 48. Kh3 Qg1 49. Rf4 Rh2+ 50. Kg4 h5+ 51. Kf5 Qxg3 52. Qf3 0-1

[Event "New York President's Day op"]
[Site "New York"]
[Date "2025.02.14"]
[Round "1"]
[White "Swaminathan, Pranav"]
[Black "Baim, Elvin"]
[Result "1-0"]
[WhiteElo "2069"]
[BlackElo "1832"]
[PlyCount "63"]
[EventDate "2025.02.14"]
[EventType "swiss"]
[EventRounds "9"]
[EventCountry "USA"]
[SourceTitle "CB08_2025"]
[SourceDate "2025.02.19"]
[SourceVersion "1"]
[SourceVersionDate "2025.02.19"]
[SourceQuality "1"]

1. d4 Nf6 2. c4 g6 3. Nc3 Bg7 4. e4 d6 5. h3 0-0 6. Be3 e5 7. d5 a5 8. g4 Na6 9. Nge2 c6 10. Ng3 cxd5 11. cxd5 Bd7 12. Qd2 Rc8 13. Be2 Nc5 14. f3 Ne8 15. h4 f6 16. h5 Qe7 17. Rc1 b6 18. Nb5 Nc7 19. Na7 Ra8 20. Nc6 Qf7 21. Bc4 b5 22. hxg6 hxg6 23. Qh2 Rfc8 24. Be2 Bxc6 25. dxc6 Qxa2 26. Qh7+ Kf7 27. Rh6 g5 28. Nh5 Ne8 29. Rxf6+ Nxf6 30. Qxg7+ Ke8 31. Nxf6+ Kd8 32. Bxc5 1-0

[Event "Dulles Cherry Blossom op 11th"]
[Site "Dulles"]
[Date "2024.05.24"]
[Round "4"]
[White "Swaminathan, Pranav"]
[Black "Baim, Elvin"]
[Result "1/2-1/2"]
[WhiteElo "1981"]
[BlackElo "1882"]
[PlyCount "74"]
[EventDate "2024.05.22"]
[EventType "swiss"]
[EventRounds "9"]
[EventCountry "USA"]
[SourceTitle "CBM 220 Extra"]
[Source "ChessBase"]
[SourceDate "2024.07.31"]
[SourceVersion "1"]
[SourceVersionDate "2024.07.31"]
[SourceQuality "1"]

1. c4 Nf6 2. d4 c5 3. d5 e6 4. Nc3 exd5 5. cxd5 Bd6 6. Nf3 0-0 7. g3 Qe7 8. Bg2 Bc7 9. 0-0 a6 10. a4 d6 11. Nd2 Nbd7 12. e4 Rb8 13. a5 b5 14. axb6 Nxb6 15. h3 Bb7 16. Qc2 Nfd7 17. b3 f5 18. exf5 Qe5 19. g4 Nxd5 20. Nc4 Nb4 21. Nxe5 Nxc2 22. Nxd7 Bxg2 23. Kxg2 Nxa1 24. Nd5 Ba5 25. Ne7+ Kf7 26. Nc6 Rb5 27. Nxf8 Kxf8 28. Bf4 Nxb3 29. Bxd6+ Kf7 30. f4 Nd4 31. Nxa5 Rxa5 32. Re1 Kf6 33. Re8 Ra2+ 34. Kf1 Ra1+ 35. Kf2 Ra2+ 36. Ke1 Nf3+ 37. Kf1 Nh2+ 1/2-1/2

[Event "Dulles Cherry Blossom op 10th"]
[Site "Dulles"]
[Date "2023.05.24"]
[Round "1"]
[White "Ouellet, Maili Jade"]
[Black "Baim, Elvin"]
[Result "1-0"]
[WhiteElo "2246"]
[BlackElo "1728"]
[PlyCount "65"]
[EventDate "2023.05.24"]
[EventType "swiss"]
[EventRounds "9"]
[EventCountry "USA"]
[SourceTitle "CBM 214 Extra"]
[Source "ChessBase"]
[SourceDate "2023.07.31"]
[SourceVersion "1"]
[SourceVersionDate "2023.07.31"]
[SourceQuality "1"]

1. d4 d5 2. c4 c6 3. Nf3 Nf6 4. Nc3 Nbd7 5. cxd5 cxd5 6. Bf4 a6 7. h3 e6 8. e3 Bb4 9. Bd3 0-0 10. 0-0 b5 11. Rc1 Bb7 12. Ne5 Rc8 13. Qb3 Qa5 14. Nb1 Nxe5 15. Bxe5 Nd7 16. Bg3 Be7 17. a3 h6 18. Rc2 Rxc2 19. Bxc2 Rc8 20. Qd3 f5 21. Nd2 Nf6 22. f3 b4 23. a4 Qb6 24. Bd1 a5 25. Be2 Qc6 26. Nb3 Qb6 27. Qb5 Bd8 28. Nc5 Bc6 29. Qd3 Ba8 30. Qa6 Qxa6 31. Bxa6 Rc6 32. Bb5 Rb6 33. Rc1 1-0

[Event "Dulles Cherry Blossom op"]
[Site "Dulles"]
[Date "2022.05.30"]
[Round "8"]
[White "Baim, Elvin"]
[Black "Wu, William2"]
[Result "1/2-1/2"]
[WhiteElo "1655"]
[BlackElo "1963"]
[PlyCount "77"]
[EventDate "2022.05.26"]
[EventType "swiss"]
[EventRounds "9"]
[EventCountry "USA"]
[SourceTitle "CBM 208 Extra"]
[Source "ChessBase"]
[SourceDate "2022.07.31"]
[SourceVersion "1"]
[SourceVersionDate "2022.07.31"]
[SourceQuality "1"]

1. d4 d5 2. c4 e6 3. Nc3 Nf6 4. Bg5 Be7 5. Nf3 h6 6. Bh4 0-0 7. e3 b6 8. cxd5 Nxd5 9. Bxe7 Qxe7 10. Nxd5 exd5 11. Be2 Be6 12. 0-0 Nd7 13. Rc1 c5 14. b3 a6 15. h3 f5 16. Bd3 Qf7 17. Ne5 Nxe5 18. dxe5 c4 19. bxc4 dxc4 20. Bb1 Rfd8 21. Qc2 b5 22. Rfd1 b4 23. Rd6 b3 24. axb3 cxb3 25. Qe2 a5 26. Rxd8+ Rxd8 27. Qa6 b2 28. Re1 Rc8 29. Kh2 Rc1 30. Qxa5 Rxe1 31. Qxe1 Ba2 32. Qd1 Bxb1 33. Qxb1 Qb7 34. f4 g6 35. g4 Qb3 36. gxf5 gxf5 37. e6 Qb6 38. Qxf5 Qb5 39. Qb1 1/2-1/2

[Event "Dulles Cherry Blossom op"]
[Site "Dulles"]
[Date "2022.05.28"]
[Round "5"]
[White "Ling, Evan M"]
[Black "Baim, Elvin"]
[Result "1-0"]
[WhiteElo "2009"]
[BlackElo "1655"]
[PlyCount "65"]
[EventDate "2022.05.26"]
[EventType "swiss"]
[EventRounds "9"]
[EventCountry "USA"]
[SourceTitle "CBM 208 Extra"]
[Source "ChessBase"]
[SourceDate "2022.07.31"]
[SourceVersion "1"]
[SourceVersionDate "2022.07.31"]
[SourceQuality "1"]

1. e4 e6 2. d4 d5 3. Bd3 dxe4 4. Bxe4 Nf6 5. Bf3 Nbd7 6. Ne2 e5 7. Nbc3 Bb4 8. a3 Bxc3+ 9. Nxc3 exd4 10. Qxd4 Qe7+ 11. Be2 c5 12. Qh4 Ne5 13. Bg5 Ng6 14. Qg3 Nh5 15. Qe3 Qxe3 16. Bxe3 Nhf4 17. Bf3 Ne6 18. 0-0-0 Rb8 19. Nb5 a6 20. Nd6+ Ke7 21. Rhe1 b6 22. Nc4 Kf6 23. Rd6 b5 24. Nb6 Ne7 25. Bxc5 Nf5 26. Rc6 Kg6 27. g4 Nh4 28. Be4+ Kg5 29. Be3+ Kxg4 30. Rg1+ Kh5 31. Nd5 h6 32. Rxe6 Bxe6 33. Nf4# 1-0